书目信息 |
| 题名: |
旅游业结构调整与和谐发展
|
|
| 作者: | 王晓云 , 邱扶东 , 楼嘉军 著 | |
| 分册: | ||
| 出版信息: | 上海 立信会计出版社 2005.11 |
|
| 页数: | 306页 | |
| 开本: | 21cm | |
| 丛书名: | ||
| 单 册: | ||
| 中图分类: | F592.3 | |
| 科图分类: | ||
| 主题词: | 旅游业--lv you ye--经济发展--研究--中国 | |
| 电子资源: | ||
| ISBN: | 7-5429-1565-7 | |
| 000 | 01024nam0 2200265 450 | |
| 001 | 0653473028 | |
| 005 | 20060529091520.14 | |
| 010 | @a7-5429-1565-7@dCNY18.50 | |
| 099 | @aCAL 012006030076 | |
| 100 | @a20050510d2005 ekmy0chiy0121 ea | |
| 101 | 0 | @achi |
| 102 | @aCN@b310000 | |
| 200 | 1 | @a旅游业结构调整与和谐发展@Alv you ye jie gou tiao zheng yu he xie fa zhan@f楼嘉军, 邱扶东, 王晓云著 |
| 210 | @a上海@c立信会计出版社@d2005.11 | |
| 215 | @a306页@c图@d21cm | |
| 300 | @a教育部人文社科基金项目, 项目批准号: 01JA790111 | |
| 320 | @a有书目 | |
| 330 | @a本书主要从旅游产业结构、定位,旅游产品构成、旅游资源转化、旅游人力资源配置、旅游企业管理结构等角度,对我国旅游业发展中存在的问题进行综合性、多层面的分析和研究,在此基础上,提出了相应的建议和对策思路。 | |
| 606 | 0 | @a旅游业@Alv you ye@x经济发展@x研究@y中国 |
| 690 | @aF592.3@v4 | |
| 701 | 0 | @a王晓云@Awang xiao yun@4著 |
| 701 | 0 | @a邱扶东@Aqiu fu dong@4著 |
| 701 | 0 | @a楼嘉军@Alou jia jun@4著 |
| 801 | 0 | @aCN@bZNUEL@c20060529 |
| 905 | @a10447@dF592.3@eL775 | |
| 旅游业结构调整与和谐发展/楼嘉军, 邱扶东, 王晓云著.-上海:立信会计出版社,2005.11 |
| 306页:图;21cm |
| 教育部人文社科基金项目, 项目批准号: 01JA790111 |
| ISBN 7-5429-1565-7:CNY18.50 |
| 本书主要从旅游产业结构、定位,旅游产品构成、旅游资源转化、旅游人力资源配置、旅游企业管理结构等角度,对我国旅游业发展中存在的问题进行综合性、多层面的分析和研究,在此基础上,提出了相应的建议和对策思路。 |
| ● |
| 相关链接 |
|
|
|
正题名:旅游业结构调整与和谐发展
索取号:F592.3/L775
 
预约/预借
| 序号 | 登录号 | 条形码 | 馆藏地/架位号 | 状态 | 备注 |
| 1 | 604592 | 206045929 | 社科库409/409社科库 39排6列5层/ [索取号:F592.3/L775] | 在馆 | |
| 2 | 604593 | 206045938 | 社科库409/409社科库 39排6列5层/ [索取号:F592.3/L775] | 在馆 | |
| 3 | 604594 | 206045947 | 管理学院资料室/ [索取号:F592.3/L775] | 在馆 |